MARC

LEADER 00000nam0a2200000 4500
001 329195
005 20231102004134.0
035 |a (RuTPU)RU\TPU\book\354937 
035 |a RU\TPU\book\354936 
090 |a 329195 
100 |a 20170310d1927 k y0rusy50 ca 
101 0 |a rus  |a eng 
102 |a RU 
105 |a a z 001zy 
200 1 |a Известия Сибирского отделения Геологического комитета  |h Т. 7, вып. 1-6  |f СССР, Геологический комитет, Сибирское отделение (Сибгеолком) ; отв. ред. М. А. Усов 
210 |a Томск  |c Сибирское Отделение Геологического Комитета  |c Красное знамя  |d 1927-1928 
215 |a 238 с.  |c ил.  |e Карты 
320 |a Библиогр. в примеч. 
601 0 1 |a СССР  |b Геологический комитет  |b Сибирское отделение (Сибгеолком)  |c (Томск)  |c (1922-1929)  |2 stltpush  |3 (RuTPU)RU\TPU\col\22357 
606 1 |a Геология  |2 stltpush  |3 (RuTPU)RU\TPU\subj\6095  |9 34054 
610 1 |a библиотека М. А. Усова 
610 1 |a Кузнецкий Алатау 
610 1 |a Салаир 
610 1 |a Кузнецкий каменноугольный бассейн 
610 1 |a золоторудные месторождения 
610 1 |a Саралинское рудное поле 
610 1 |a река Большая Бирюса 
610 1 |a Салаирский кряж 
675 |a 55  |v 4 
702 1 |a Усов  |b М. А.  |c российский геолог  |c профессор Томского технологического института  |f 1883-1939  |g Михаил Антонович  |2 stltpush  |3 (RuTPU)RU\TPU\pers\1941  |4 340 
712 0 1 |a СССР  |b Геологический комитет  |b Сибирское отделение (Сибгеолком)  |c (Томск)  |c (1922-1929)  |2 stltpush  |3 (RuTPU)RU\TPU\col\22357 
801 1 |a RU  |b 63413507  |c 20170310 
801 2 |a RU  |b 63413507  |c 20170407  |g RCR 
942 |c BK